000 01156cam a22003012a 4500
001 7783
003 BD-RUCL
005 20211208234455.0
008 140115s1942 n 000 0 eng d
035 _aOCLC ocm02627749 from D960123M
_a(BD-RUCL)8727
040 _aDLC
_cTOL
_dOCL
_dEQO
_beng
041 _aeng
082 _a808.042
_222
_bRIW 1942
245 1 2 _aA writer's manual and workbook /
_cby Paul P. Kies in collaboration with Valeda Brockway, Ella E. Clark, Andrew J. Green and Royal A. Gettmann
250 _aEnl. ed
260 _aNew York :
_bF. S. Crofts & Co,
_c[c1936] 1942
300 _axx, 246, viii, 83 numb. 1.
_bdiagrs.
_c23 cm
500 _a"Seventh printing, October, 1936."
500 _a"A writer's workbook" (viii, 83 numb. 1. at end.) has special t.-p
650 0 _aEnglish language
_xRhetoric
_924280
650 0 _aAuthorship
_vHandbooks, manuals, etc.
_924281
700 1 _aBrockway, Valeda.
_924282
700 1 _aClark, Ella E.
_q(Ella Elizabeth),
_d1896-1984
_924283
700 1 _aGreen, Andrew J.
_924284
700 1 _aGettmann, Royal A.
_q(Royal Alfred),
_d1904-1996.
_924285
942 _2ddc
_cBK
999 _c7783
_d7783